000 00287nam a2200121Ia 4500
005 20251222144833.0
008 251222s9999||||xx |||||||||||||| ||spa||
082 _a869.56/F41
100 _aFernández Cozman, Camilo
245 0 _aRitual del Silencio
264 _bPicaflor
942 _cLIB
999 _c20927
_d20927